V říši mahagonu : (Trozas) /

Hlavní autor: Traven, B., 1890-1969
Další autoři: Vápeník, Rudolf, 1911-1990
Jazyk: Čeština
Vydáno: Praha : Práce, 1955
Vydání: 1. vyd.
Edice: Románové novinky
Externí odkaz: Digitalizovaný dokument
Fyzický popis: 190 s. : il. ; 8°
Knihy
Uloženo v:
LEADER 01411nam a22003492a 4500
001 001443692
003 CZ BrMZK
005 20150528135418.0
007 ta
008 141211s1955 xr a er|||||||||||cze d
015 |a cnb000679937 
035 |a (OCoLC)85448615 
040 |a ABA001  |b cze  |c BOA001  |d BOA001 
041 1 |a cze  |h ger 
100 1 |a Traven, B.,  |d 1890-1969  |7 jn19981002244  |4 aut 
245 1 0 |a V říši mahagonu :  |b (Trozas) /  |c Bruno Traven ; z německého originálu ... přeložil Rudolf Vápeník ; ilustrace J. Paukert 
250 |a 1. vyd. 
260 |a Praha :  |b Práce,  |c 1955 
300 |a 190 s. :  |b il. ;  |c 8° 
490 1 |a Románové novinky ;  |v č. 101 
500 |a 30400 výt. 
500 |a Dostupné též v digitální podobě v aplikaci Kramerius 
700 1 |a Vápeník, Rudolf,  |d 1911-1990  |7 jk01141618  |4 trl 
765 0 |t Troza  |9 Česky 
830 0 |a Románové novinky  |0 s 
856 4 1 |u http://www.digitalniknihovna.cz/mzk/uuid/uuid:c7c62f70-4d43-11e5-8851-005056827e51  |y Digitalizovaný dokument  |x NDK 
910 |a BOA001  |b 2-0352.163 
990 |a BK 
991 |b 201412 
996 7 |b 2618959772  |c 2-0352.163  |l MZK  |r Sklad / do 24 hodin  |n 0  |w 001478493  |u 000030  |a 1  |e BOA001  |j MZK50  |s A 
996 6 |b 2618959773  |c 2-0352.163  |l MZK  |r Sklad / do 24 hodin  |n 0  |w 001478493  |u 000020  |a 1  |e BOA001  |j MZK50  |s P 
996 7 |b 2619093008  |c 2-0352.163  |l MZK  |r Sklad / do 24 hodin  |n 0  |w 001478493  |u 000010  |a 1  |e BOA001  |j MZK50  |s A